Fish refuge community management in svay rieng province, ការគ្រប់គ្រងជំរកត្រីជាសហគមន៍ ក្នុងខេត្តស្វាយរៀង. (Record no. 3772)
[ view plain ]
| 000 -LEADER | |
|---|---|
| fixed length control field | 00555nam a22001577a 4500 |
| 003 - CONTROL NUMBER IDENTIFIER | |
| control field | OSt |
| 005 - DATE AND TIME OF LATEST TRANSACTION | |
| control field | 20151201095255.0 |
| 008 - FIXED-LENGTH DATA ELEMENTS--GENERAL INFORMATION | |
| fixed length control field | 151201b xxu||||| |||| 00| 0 eng d |
| 040 ## - CATALOGING SOURCE | |
| Transcribing agency | RUA |
| 082 ## - DEWEY DECIMAL CLASSIFICATION NUMBER | |
| Classification number | FIS AN 1999 B171 Or.1 |
| 100 ## - MAIN ENTRY--PERSONAL NAME | |
| 9 (RLIN) | 4053 |
| Personal name | AN NAN |
| 245 ## - TITLE STATEMENT | |
| Title | Fish refuge community management in svay rieng province, ការគ្រប់គ្រងជំរកត្រីជាសហគមន៍ ក្នុងខេត្តស្វាយរៀង. |
| 260 ## - PUBLICATION, DISTRIBUTION, ETC. (IMPRINT) | |
| Place of publication, distribution, etc. | Phnom Penh |
| Name of publisher, distributor, etc. | RUA |
| Date of publication, distribution, etc. | 1999 |
| 300 ## - PHYSICAL DESCRIPTION | |
| Extent | 55p. |
| Other physical details | ill. |
| Dimensions | 29cm. |
| 942 ## - ADDED ENTRY ELEMENTS (KOHA) | |
| Source of classification or shelving scheme | |
| Koha item type | FIS |
| Price effective from | Date last seen | Permanent Location | Not for loan | Date acquired | Source of classification or shelving scheme | Koha item type | Lost status | Withdrawn status | Date last checked out | Total Checkouts | Shelving location | Damaged status | Barcode | Current Location | Full call number |
|---|---|---|---|---|---|---|---|---|---|---|---|---|---|---|---|
| 2015-12-01 | 2015-12-01 | Library Block B | 2015-12-01 | FIS | B171 | RUA025882 | Library Block B | FIS AN 1999 B171 Or.1 | |||||||
| 2015-12-01 | 2015-12-01 | Library Block B | 2015-12-01 | FIS | B171 | RUA025810 | Library Block B | FIS AN 1999 B171 Or.2 | |||||||
| 2015-12-01 | 2018-08-17 | Library Block B | 2015-12-01 | FIS | 2018-08-10 | 1 | B171 | RUA025666 | Library Block B | FIS AN 1999 B171 Or.3 | |||||
| 2015-12-01 | 2015-12-01 | Library Block B | 2015-12-01 | FIS | B171 | RUA025594 | Library Block B | FIS AN 1999 B171 Or.4 | |||||||
| 2015-12-01 | 2015-12-01 | Library Block B | 2015-12-01 | FIS | B171 | RUA025522 | Library Block B | FIS AN 1999 B171 Or.5 |